La economía y el orden mundial en el Año 2000 /

Contiene las ponencias dictadas durante la Conferencia de Northfield del Proyecto de Modelos de Orden Mundial realizada en 1969. Aquí los temas giran en torno al futuro de la economía mundial, el bienestar y los países subdesarrollados: La economía y el orden mundial en el año 2000; Perspectivas glo...

Täydet tiedot

Tallennettuna:
Bibliografiset tiedot
Yhteisötekijä: Conferencia de Northfield del Proyecto de Modelos de Orden Mundial ( Northfield, Massachusetts)
Muut tekijät: Bhagwati, Jagdish N. (edición) (edición)
Aineistotyyppi: Konferenssijulkaisu Kirja
Kieli:espanja
Julkaistu: México : Siglo XXI, 1973, c1973
Sarja:(Economía y Demografía)
Aiheet:
Tagit: Lisää tagi
Ei tageja, Lisää ensimmäinen tagi!

MARC

LEADER 00000nam^a2200000^a^4500
001 000182875
005 20250521000000.0
009 20260310102020.977
037 |a Acervo ITESO - Biblioteca 
041 |a ESP 
082 |a 330. 9  |b CON 1969 
111 |a Conferencia de Northfield del Proyecto de Modelos de Orden Mundial (  |d 1969 :  |c Northfield, Massachusetts) 
245 1 3 |a La economía y el orden mundial en el Año 2000 /  |c Conferencia de Northfield del Proyecto de Modelos de Orden Mundial ; ed. de J. N. Bhagwati, World Law Fund ; tr. por Adolfo de Alba y Martí Soler. 
264 4 |a México :  |b Siglo XXI,  |c 1973, c1973 
300 |a 418 p. 
336 |a texto  |b txt  |2 rdacontenido 
337 |a sin mediación  |b n  |2 rdamedio 
338 |a volumen  |b nc  |2 rdasoporte 
440 1 |a (Economía y Demografía) 
500 |a Traducción de: Economics and World Order from the 1970's to the 1990's 
520 |a Contiene las ponencias dictadas durante la Conferencia de Northfield del Proyecto de Modelos de Orden Mundial realizada en 1969. Aquí los temas giran en torno al futuro de la economía mundial, el bienestar y los países subdesarrollados: La economía y el orden mundial en el año 2000; Perspectivas globales: Los afortunados y los desposeídos alrededor del año 2000; Capitalismo, subdesarrollo y el futuro de los países pobres. Predicciones socialistas: Los tres sistemas socioeconómicos a finales del siglo XX; La economía mundial y el futuro del mundo. Instituciones internacionales: Las empresas multinacionales y la Ley del desarrollo desigual; Construcción de un orden mundial; Comercio mundial y convenios monetarios; El sistema monetario internacional del año 2000. Perspectivas regionales, el tercer mundo: América Latina; El subdesarrollo en América Latina hacia el año 2000; América Latina hacia el año 2000. Africa: Previsiones y problemas económicos futuros en Africa; La economía política del orden mundial: modernización y reforma en Africa. Asia: Panorama económico de China: 1965-1995; La estrategia del desarrollo internacional y las perspectivas de la India: 1990-2000. 
649 |a XX 
650 |a Prospectiva Económica -  |x Congresos 
650 |a Economía Internacional -  |x Congresos 
650 |a Empleo y Desempleo 
650 |a Inversiones Extranjeras 
650 |a Distribución Económica 
650 |a Igualdad y Desigualdad 
650 |a Ahorro 
650 |a Bienestar 
650 |a Desarrollo Económico-Social 
650 |a Transnacionales 
650 |a Comercio Internacional 
650 |a Sistema Monetario 
650 |a Apertura Comercial e Integración Económica 
650 |a Capitalismo 
650 |a Socialismo 
650 |a Estructura Económica 
650 |a Subdesarrollo 
650 |a Desarrollo Económico-Social 
650 |a Desarrollo Regional 
650 |a Economía Política 
650 |a Problemas Sociales 
650 |a Latinoamérica -  |x Condiciones Económicas 
650 |a Africa -  |x Condiciones Económicas 
650 |a China -  |x Condiciones Económicas 
650 |a India -  |x Condiciones Económicas 
650 |a Países Subdesarrollados -  |x Condiciones Económicas 
650 |a Nuevo Orden Mundial 
650 |a Economía Internacional 
650 |a Economía 
650 |a Congresos y Convenciones 
700 |a Bhagwati, Jagdish N.  |e (edición) 
910 |a Fondo Armando Suárez Gómez 
920 |a Impresos - Libros 
930 |a Fondos Especiales 
905 |a 111 
901 |a 0700004409  |b IT2  |c ESP  |u 20250521 
902 |a https://opac.biblio.iteso.mx/vufind/Record/000182875